000 01122cam a22003011 4500
001 s 13000157
003 DLC
005 20260227111911.0
008 751015s1893 xx 000 0 eng
010 _as 13000157
035 _a(OCoLC)1704356
040 _aDLC
_cOKentU
_dDLC
042 _apremarc
050 0 0 _aQ11
_b.U6 no. 43
100 1 _aAllen, Harrison,
_d1841-1897.
245 1 2 _aA monograph of the bats of North America.
250 _a[New ed.]
_bBy Harrison Allen, M.D.
260 _aWashington,
_bGovt. print. off.,
_c1893.
300 _aix, 198 p.
_billus., xxxviii pl.
_c25 cm.
490 1 _aBulletin of the United States National museum.
_vno. 43
500 _aAt head of title: Smithsonian institution. United States National museum. Bulletin 43.
500 _aSome of the plates are preceded by leaf with descriptive letterpress.
500 _aFirst edition, 1864, published in Smithsonian miscellaneous collections, v.7, art. I.
504 _aBibliography: p. 183-193.
650 0 _aBats.
650 0 _aMammals
_zNorth America.
810 2 _aUnited States National Museum.
_tBulletin ;
_v43.
999 _c52684
_d52684